Fr. Conceicao Rodrigues College of Engineering

Using Linux System V:Release 3 (Record no. 19907)

MARC details
000 -LEADER
fixed length control field 00306nam a2200145Ia 4500
082 ## - DEWEY DECIMAL CLASSIFICATION NUMBER
Classification number 5.13
Item number LeB
100 ## - MAIN ENTRY--PERSONAL NAME
Personal name LeBLOND GROUP
245 ## - TITLE STATEMENT
Title Using Linux System V:Release 3
260 ## - PUBLICATION, DISTRIBUTION, ETC.
Name of publisher, distributor, etc. McGraw-Hill
Place of publication, distribution, etc. New York
Date of publication, distribution, etc. 1990
300 ## - PHYSICAL DESCRIPTION
Extent 490
546 ## - LANGUAGE NOTE
Language note ENGLISH
654 ## - SUBJECT ADDED ENTRY--FACETED TOPICAL TERMS
Focus term linux
942 ## - ADDED ENTRY ELEMENTS (KOHA)
Koha item type Reference Book
Holdings
Withdrawn status Lost status Damaged status Not for loan Collection Home library Current library Shelving location Date acquired Source of acquisition Cost, normal purchase price Inventory number Total Checkouts Full call number Barcode Date last seen Cost, replacement price Price effective from Koha item type
        CRC Fr. Agnel's C.Rodrigues College of Engineering Fr. Agnel's C.Rodrigues College of Engineering   17/03/2023 Progressive Books 490.50 2091 dt 3.3.93   5.13 LeB 4246 17/03/2023 490.50 03/03/1993 Reference Book